000 00447nam a2200181Ia 4500
003 GCL
008 140319s9999 xx 000 0 eng d
040 _aGCL /
_cGCL
082 0 4 _a843
_bU A
100 1 _aURFE, HONORE
245 1 0 _aL'ASTREE /
_cURFE, HONORE
260 _a[S.N] :
_bGALLIMARD ،
_c1994
300 _a442 P
490 _aCOLLECTION FOLIO CLASSIQUE
_v0
650 0 4 _aLITERATURE
650 0 4 _aFRENCH LITERATURE
942 _2ddc
_cBK
999 _c23449
_d23449